Tun V.T. Sambanthan (Record no. 68301)

MARC details
000 -LEADER
fixed length control field 00856nam a2200277 i 4500
001 - CONTROL NUMBER
control field C2-0256040
003 - CONTROL NUMBER IDENTIFIER
control field PPAK
005 - DATE AND TIME OF LATEST TRANSACTION
control field 20180727223539.0
008 - FIXED-LENGTH DATA ELEMENTS--GENERAL INFORMATION
fixed length control field 040629s2004 my a|||| ||||| | may d
020 ## - INTERNATIONAL STANDARD BOOK NUMBER
International Standard Book Number 9679488357
040 ## - CATALOGING SOURCE
Original cataloging agency PPAK
Language of cataloging eng
Transcribing agency PPAK
Description conventions rda
082 04 - DEWEY DECIMAL CLASSIFICATION NUMBER
Classification number 923.2595
Edition number 23
090 00 - LOCALLY ASSIGNED LC-TYPE CALL NUMBER (OCLC); LOCAL CALL NUMBER (RLIN)
Classification number (OCLC) (R) ; Classification number, CALL (RLIN) (NR) 923.2595
Feature heading EMA
Feature heading K
Classification number (OCLC) (R) ; Classification number, CALL (RLIN) (NR) 923.2595
Feature heading EMA
Feature heading KK
100 0# - MAIN ENTRY--PERSONAL NAME
Personal name e-man,
Relator term author
245 10 - TITLE STATEMENT
Title Tun V.T. Sambanthan
264 #1 - PRODUCTION, PUBLICATION, DISTRIBUTION, MANUFACTURE, AND COPYRIGHT NOTICE
Place of production, publication, distribution, manufacture Melaka :
Name of producer, publisher, distributor, manufacturer Associated Educational Distributors ,
Date of production, publication, distribution, manufacture, or copyright notice 2004
300 ## - PHYSICAL DESCRIPTION
Extent 52 pages :
Other physical details colour illustrations ;
Dimensions 30 cm
336 ## - CONTENT TYPE
Source rdacontent
Content type term text
337 ## - MEDIA TYPE
Source rdamedia
Media type term unmediated
338 ## - CARRIER TYPE
Source rdacarrier
Carrier type term volume
490 1# - SERIES STATEMENT
Series statement Siri tokoh-tokoh sejarah
650 10 - SUBJECT ADDED ENTRY--TOPICAL TERM
Topical term or geographic name entry element Sambanthan V.T., Tun, ; Ministers - Malaysia - Biography ; Politicians - Malaysia - Biography
830 #0 - SERIES ADDED ENTRY--UNIFORM TITLE
Uniform title Siri tokoh-tokoh sejarah
942 ## - ADDED ENTRY ELEMENTS (KOHA)
-- dc
Koha item type Book
Holdings
Withdrawn Not for loan Current library Shelving location Date acquired Total Checkouts Full call number Barcode Date last seen Koha item type Total Renewals Date last checked out
  Not For Loan Perpustakaan Alor Setar Koleksi Kedah 23/08/2004   KK 923.2595 EMA A01069016 08/05/2018 Book    
    Perpustakaan Alor Setar Pinjaman Kanak-kanak 10/03/2008   K 923.2595 EMA A01241092 08/05/2018 Book    
    Perpustakaan Awam Sungai Petani Pinjaman Kanak-kanak 10/03/2008 5 K 923.2595 EMA A01241093 30/08/2025 Book 1 23/08/2025
    Perpustakaan Baling Pinjaman Kanak-kanak 10/03/2008   K 923.2595 EMA A01241099 08/05/2018 Book    
    Perpustakaan Bandar Baharu Pinjaman Kanak-kanak 10/03/2008   K 923.2595 EMA A01241100 08/05/2018 Book    
    Perpustakaan Jitra Pinjaman Kanak-kanak 10/03/2008 1 K 923.2595 EMA A01241094 17/09/2024 Book   26/08/2024
    Perpustakaan Jitra Pinjaman Kanak-kanak 10/03/2008 1 K 923.2595 EMA A01241102 13/05/2026 Book 1 15/11/2025
    Perpustakaan Kuala Nerang Pinjaman Kanak-kanak 10/03/2008   K 923.2595 EMA A01241101 08/05/2018 Book    
    Perpustakaan Kulim Pinjaman Kanak-kanak 10/03/2008 6 K 923.2595 EMA A01241096 10/05/2026 Book 1 18/04/2026
    Perpustakaan Merbok Pinjaman Kanak-kanak 10/03/2008   K 923.2595 EMA A01241103 08/05/2018 Book    
    Perpustakaan Sik Pinjaman Kanak-kanak 10/03/2008   K 923.2595 EMA A01241098 08/05/2018 Book    
    Perpustakaan Yan Pinjaman Kanak-kanak 10/03/2008   K 923.2595 EMA A01241097 08/05/2018 Book    
    PD30, Bandar Baru Beris Jaya, Sik Pinjaman Kanak-kanak 29/06/2004   K 923.2595 EMA A01065812 08/05/2018 Book